000 00513nmm a2200169Ia 4500
008 251105s9999||||xx |||||||||||||||||und||
020 _a9788475220055
041 _aspa
100 _aSlager, Emile
245 0 _aPequeño diccionario de construcciones preposicionales
264 _a[Madrid, España] :
_bVisor Libros,
_c1997
300 _a454 páginas
490 _aGramática del Español
650 _aEncyclopedias & Dictionaries
856 _uhttps://public.digitaliapublishing.com/a/28261
942 _cCF
999 _c84917
_d84917